000 00296nam a22001337a 4500
020 _a81-87159-28-6
082 _a827
_bVAS/K
100 _aVAS, PIYA MARIA
245 _aKNOCK-KNOCK JOKES FOR KIDS
260 _aDELHI
_bBLOSSOM BOOKS
_c2002
300 _a120
650 _aJOKES
_zINDIA
942 _cBK
999 _c5726
_d5726